000 00712nam a2200229Ia 4500
001 5062
003 GE_BSU
008 181216s||||||||xx |||||||||||||| ||und||
040 _cGE_BSU
080 _a624.012.45(075)
100 _aСахновский,К.В.
245 _aЖелезобетонные конструкции.
245 _bУчебн.
245 _cНаучный ред. Р.И.Трепененков.
250 _aИзд. 8-е, перераб.
260 _aМ.
260 _bГосстройиздат.
260 _c1961.
300 _a840 стр. с илл. 27 см. Библиогр.: стр.824-830.
653 _aЖелезобетонные конструкции.
942 _cBK
999 _c38745
_d38745